[Event "World ol U16"]
[Site "Nakhchivan"]
[Date "2022.10.10"]
[Round "9.17"]
[White "Fahmi, Adham"]
[Black "Schnell, Sebastian Narayana"]
[Result "1/2-1/2"]
[WhiteElo "1288"]
[BlackElo "1846"]
[PlyCount "145"]
[EventDate "2022.10.02"]
[EventType "team-swiss"]
[EventRounds "9"]
[EventCountry "AZE"]
[SourceTitle "CBM 210 Extra"]
[Source "ChessBase"]
[SourceDate "2022.11.30"]
[SourceVersion "1"]
[SourceVersionDate "2022.11.30"]
[SourceQuality "1"]
[WhiteTeam "Egypt"]
[BlackTeam "Panama"]
[WhiteTeamCountry "EGY"]
[BlackTeamCountry "PAN"]

1. e4 Nf6 2. Nc3 d6 3. Bc4 g6 4. Nf3 Bg7 5. d3 c6 6. Be3 0-0 7. Qd2 d5 8. exd5 cxd5 9. Bb3 Ng4 10. Bd4 Bh6 11. Qe2 e6 12. h3 Nf6 13. g4 Bg7 14. 0-0-0 Nc6 15. Be5 Nxe5 16. Nxe5 Nd7 17. f4 Nxe5 18. fxe5 Qg5+ 19. Rd2 Qxe5 20. Qxe5 Bxe5 21. Rg2 Bd7 22. Ba4 Bxa4 23. Nxa4 Rac8 24. b3 Bf4+ 25. Kb1 e5 26. Nb2 f5 27. c4 d4 28. Nd1 Kf7 29. Nf2 Rce8 30. Kc2 e4 31. dxe4 fxe4 32. Re1 e3 33. Nd3 Bg5 34. Nb4 Kg7 35. Ree2 Rf3 36. Rh2 Bf4 37. Rh1 Rf2 38. Kd3 Be5 39. Nc2 Ref8 40. Rhe1 R8f4 41. b4 Rxe2 42. Rxe2 Rf1 43. Re1 Rf2 44. Re2 Rxe2 45. Kxe2 Kf6 46. Ne1 Kg5 47. b5 b6 48. a4 Kf4 49. Nd3+ Ke4 50. Nb4 Bd6 51. Nd3 g5 52. Nc1 Bb4 53. Nd3 Bd2 54. Nb2 Kf4 55. Nd3+ Kg3 56. c5 bxc5 57. Nxc5 Kf4 58. Ne6+ Ke5 59. Nxg5 Kd5 60. Kd3 h6 61. Nf3 Bc3 62. h4 Bb2 63. a5 Kc5 64. b6 axb6 65. a6 Kc6 66. Ne5+ Kc7 67. Nc4 Bc1 68. a7 Kb7 69. Nxb6 Kxa7 70. Nc4 Kb7 71. g5 e2 72. Kxe2 hxg5 73. hxg5 1/2-1/2

[Event "World ol U16"]
[Site "Nakhchivan"]
[Date "2022.10.03"]
[Round "2.16"]
[White "Humbatova, Nazli"]
[Black "Fahmi, Adham"]
[Result "1-0"]
[WhiteElo "1632"]
[BlackElo "1288"]
[PlyCount "67"]
[EventDate "2022.10.02"]
[EventType "team-swiss"]
[EventRounds "9"]
[EventCountry "AZE"]
[SourceTitle "CBM 210 Extra"]
[Source "ChessBase"]
[SourceDate "2022.11.30"]
[SourceVersion "1"]
[SourceVersionDate "2022.11.30"]
[SourceQuality "1"]
[WhiteTeam "Azerbaijan Nakhchivan"]
[BlackTeam "Egypt"]
[WhiteTeamCountry "AZE"]
[BlackTeamCountry "EGY"]

1. e4 c5 2. Nf3 Nc6 3. d4 cxd4 4. Nxd4 e5 5. Nb5 d6 6. N1c3 Be6 7. Nd5 Bxd5 8. exd5 Nce7 9. c4 a6 10. Nc3 g6 11. Bd3 Bg7 12. Bc2 Nf6 13. Ba4+ Nd7 14. Ne4 Qc7 15. c5 Nc8 16. c6 bxc6 17. Bxc6 Rb8 18. Qa4 Ke7 19. 0-0 Ndb6 20. Qxa6 Na7 21. Nxd6 Nxc6 22. Nb5 Qc8 23. Qa3+ Kd8 24. dxc6 Qxc6 25. Rd1+ Nd7 26. Nd6 Rf8 27. Bd2 Nb6 28. Ba5 Kd7 29. Nf5+ Nd5 30. Qe7+ Kc8 31. Nd6+ Qxd6 32. Qxd6 Rd8 33. Qc6+ Nc7 34. Qxc7# 1-0

[Event "Africa-ch U12"]
[Site "Cairo"]
[Date "2017.12.03"]
[Round "1.5"]
[White "Benyahia, Safine"]
[Black "Fahmi, Adham"]
[Result "1-0"]
[WhiteElo "1394"]
[BlackElo "1510"]
[PlyCount "51"]
[EventDate "2017.12.03"]
[EventType "swiss"]
[EventRounds "9"]
[EventCountry "EGY"]
[SourceTitle "EXT 2024"]
[Source "ChessBase"]
[SourceDate "2023.10.10"]
[SourceVersion "1"]
[SourceVersionDate "2023.10.10"]
[SourceQuality "1"]

1. e4 d6 2. d4 Nd7 3. Nf3 Ngf6 4. Nc3 e5 5. dxe5 dxe5 6. Bd3 Bc5 7. 0-0 0-0 8. Bg5 b6 9. Qe2 Bb7 10. Rad1 Qe8 11. Nh4 Qe6 12. Bc4 Qe7 13. Nf5 Qe8 14. Qf3 Bb4 15. Qg3 g6 16. f3 Kh8 17. Qh4 Be7 18. Nxe7 Qxe7 19. Rxd7 Qc5+ 20. Kh1 Nxd7 21. Bd5 c6 22. Bb3 f6 23. Bh6 Rfd8 24. Rd1 Ba6 25. Rxd7 g5 26. Bg7# 1-0